A bibliography of museum studies
Αποθηκεύτηκε σε:
| Άλλοι συγγραφείς: | |
|---|---|
| Μορφή: | Βιβλίο |
| Γλώσσα: | English |
| Δημοσίευση: |
Aldershot :
Ashgate,
1994
|
| Έκδοση: | 11th ed. |
| Θέματα: | |
| Ετικέτες: |
Προσθήκη ετικέτας
Δεν υπάρχουν, Καταχωρήστε ετικέτα πρώτοι!
|
MARC
| LEADER | 00000nam a2200000 i 4500 | ||
|---|---|---|---|
| 001 | 1/73691 | ||
| 008 | 050318s1994 eng d | ||
| 020 | |a 1-85928-061-7 | ||
| 035 | |l 10077163 | ||
| 040 | |a GR-MY-UA |b gre |e aacr | ||
| 041 | 0 | |a eng | |
| 082 | 0 | |a 016.069 |2 (21) | |
| 245 | 1 | 2 | |a A bibliography of museum studies / |c compiled and edited by Simon J. Knell |
| 250 | |a 11th ed. | ||
| 260 | |a Aldershot : |b Ashgate, |c 1994 | ||
| 300 | |a viii, 248 σ.; |c 25 εκ. | ||
| 500 | |a Επανεκτύπωση 1998 | ||
| 504 | |a Περιέχει βιβλίογραφικές παραπομπές (σ. 217-222) και ευρετήριο | ||
| 650 | 0 | 0 | |a Museums |x Bibliography. |
| 700 | 1 | |a Knell, Simon J. |4 edt | |
| 852 | |a INST |b LESVOS |e 20050318 |h 016.096 BIB |p 005100030050 |q 005100030050 |t REF |y 23 | ||
| 901 | |a BIBL1-2005-1 | ||
| 909 | |a Λ |b 114987 | ||
| 920 | |a ΔΙΕΥΡΥΝΣΗ |b ΕΠΕΑΕΚ-ΠΤΕ |y ΛΕΣΒΟΣ |z 2004-10 | ||
| 970 | |a ΜΑΡΙΝΑΤΟΥ |b ΜΥΡΣΙΝΗ |z 2005/03/18 | ||